List EVERYTHING in Clash of Clans! - Statistics

General Stats
  • This quiz has been taken 342 times
    231 since last reset
  • The average score is 130 of 295
Answer Stats
Hint Answer % Correct
Archer
94%
Builder BaseDefenses | Clan CapitalDefensive Buildings | Defensive Buildings Cannon
93%
Archer Tower
88%
Bomb
84%
Wizard
84%
Giant
80%
Mortar
80%
Elixir Troops Barbarian
79%
Currencies(Normal Base) Gold
78%
Inferno Tower
78%
Wizard Tower
78%
Elixir
77%
Archer Queen
74%
Resource Buildings Town Hall
74%
Builder BaseDefensive Other | Clan CapitalDefensive Other | Defensive Other(Traps and stuff) Wall
74%
X-Bow
74%
Dark Elixir
73%
Heroes Barbarian King
70%
Dragon
70%
Eagle Artillery
70%
Giant Bomb
69%
Gold Mine
69%
Hog Rider
69%
Spring Trap
69%
Air Defense
68%
(Only becomesdefensive at level 2) Builder Hut
68%
Hidden Tesla
68%
Mine
68%
Air Bomb
67%
Goblin
66%
Grand Warden
66%
Elixir Storage
64%
Gold Storage
64%
Healer
64%
Dark Elixir Troops Minion
64%
P.E.K.K.A
64%
Wall Breaker
64%
Army Buildings | Clan CapitalArmy Buildings Army Camp
63%
Barracks
63%
($$$) Gem
63%
Royal Champion
63%
Balloon
62%
Elixir Collector
62%
Golem
62%
Bomb Tower
61%
Clan Castle
61%
Dark Elixir Drill
61%
Dark Elixir Storage
61%
Electro Dragon
60%
Air Sweeper
59%
Seeking Air Mine
59%
Tornado Trap
59%
Scattershot
58%
Valkyrie
58%
Baby Dragon
57%
Witch
57%
Dark Barracks
56%
Monolith
56%
Double Cannon
55%
Elixir Spells Lightning Spell
55%
Rage Spell
55%
Healing Spell
54%
Super Archer
54%
Clan Capital Troops | Super Troops Super Barbarian
54%
Jump Spell
52%
Multi Mortar
52%
Dark Elixir Spells Poison Spell
52%
Silver
52%
Spell Tower
52%
Super Dragon
52%
Trophy LeaguesExcluding Unranked Bronze
51%
Earthquake Spell
51%
Lava Hound
51%
Miner
51%
Skeleton Trap
51%
Spell Factory
51%
Super Giant
51%
Super Wizard
51%
Skeleton Spell
50%
Bat Spell
49%
Bowler
49%
Freeze Spell
49%
Gem Mine
49%
Haste Spell
49%
Laboratory
49%
Multi-Archer Tower
49%
Sneaky Goblin
49%
Yeti
49%
Ice Golem
48%
Sneaky Archer
48%
Super WallBreaker
48%
Dark Spell Factory
47%
Master
47%
Mega Tesla
47%
Root Rider
46%
Builder Base Heroes Battle Machine
45%
Clone Spell
45%
Electro Titan
45%
Headhunter
45%
Ice Hound
45%
Log Launcher
45%
Super Hog Rider
45%
Super Miner
45%
Super Valkyrie
45%
Super Witch
45%
Champion
44%
Legend
44%
Builder BaseTroops Raged Barbarian
44%
Ricochet Cannon
44%
Rocket Balloon
44%
Super Minion
44%
Titan
44%
Book of Building
43%
Builder Elixir
43%
(Builder Base) Builder Gold
43%
Builder Base Other Clock Tower
43%
Inferno Dragon
43%
Recall Spell
43%
Bomber
42%
Dragon Rider
42%
Night Witch
42%
Cannon Cart
41%
Crystal
41%
Invisibility Spell
41%
Starry Ore
41%
Super Bowler
41%
Apprentice Warden
40%
Battle Blimp
40%
Battle Copter
40%
Crusher
40%
Giant Arrow
40%
(Ores) Shiny Ore
40%
Siege Barracks
40%
Hero Equipment(Barbarian King) Barbarian Puppet
39%
Book of Heroes
39%
Book of Spells
39%
Boxer Giant
39%
Builder Potion
39%
Overgrowth Spell
39%
Power P.E.K.K.A
39%
Push Trap
39%
Unicorn
39%
Siege Machines Wall Wrecker
39%
(Archer Queen) Archer Puppet
38%
Giant Gauntlet
38%
Hammer ofBuilding
38%
Hog Glider
38%
Flame Flinger
37%
Glowy Ore
37%
Builder BaseResource Buildings Builder Hall
36%
Earthquake Boots
36%
Fireball
36%
Frozen Arrow
36%
Giant Cannon
36%
Lava Launcher
36%
Book of Everything
35%
(Clan Capital) Capital Gold
35%
(Grand Warden) Eternal Tome
35%
Firecrackers
35%
Hammer of Spells
35%
Rage Vial
35%
Battle Drill
34%
Beta Minion
34%
Electrofire Wizard
34%
Electro Owl
34%
Hog Rider Puppet
34%
Pets L.A.S.S.I
34%
Phoenix
34%
Rage Gem
34%
Resource Potion
34%
Stone Slammer
34%
Vampstache
34%
Hammer ofHeroes
33%
Healing Tome
33%
Blacksmith
32%
Magic Items(Books, potions, etc) Book of Fighting
32%
Builder BaseArmy Buildings Builder Barracks
32%
Healer Puppet
32%
Hero Potion
32%
Invisibility Vial
32%
Mega Mine
32%
Pet House
32%
Air Bombs
31%
Drop Ship
31%
Life Gem
31%
Poison Lizard
31%
ReinforcementCamp
31%
Roaster
31%
Training Potion
31%
Workshop
31%
Hammer ofFighting
30%
Mighty Yak
30%
Mountain Golem
30%
Raid Medal
30%
Research Potion
30%
Diggy
29%
Healing Hut
28%
Power Potion
28%
Rune of Gold
28%
Seeking Shield
28%
Angry Jelly
27%
Battle Ram
27%
Graveyard Spell
27%
Rune of Dark Elixir
27%
Rune of Elixir
27%
Sneaky Archers
27%
Spirit Fox
27%
Star Laboratory
27%
Super Potion
27%
Wall Ring
27%
Haste Vial
26%
Minion Horde
26%
Multi Cannon
26%
Rune of BuilderElixir
26%
Frosty
25%
Pet Potion
25%
Rune of BuilderGold
25%
Frost Spell
24%
Log Trap
24%
O.T.T.O's Outpost
24%
Mega Sparky
23%
(Royal Champion) Royal Gem
23%
Spear Thrower
23%
Flying Fortress
22%
Guard Post
22%
Super WizardTower
22%
Capital Hall
19%
Endless HasteSpell
19%
Hog Raiders
19%
Raid Cart
19%
Rocket Artillery
19%
Rocket Balloons
19%
Shovel of Obstacle
19%
Builder Star Jar
18%
Super Giant Post
18%
Zap Trap
18%
Hidden MegaTesla
17%
Blast Bow
16%
Skeleton Barrels
16%
Super DragonPost
16%
B.O.B Control
15%
Clock Potion
15%
Raid Cart Post
15%
Archer QueenAltar
14%
Barbarian King Altar
14%
Goblin Thrower
14%
Grand WardenAltar
14%
Reflector
14%
Rapid Rockets
13%
Royal ChampionAltar
13%
Spell Storage
13%
Mini-Minion Hive
12%
Clan Capital Other District Hall
11%
Battle Copter Altar
10%
Battle Machine Altar
10%
House
9%
Spear Trap
9%
Clan CapitalBarracks
4%
Clan CapitalSpell Factory
4%
No matching quizzes found
Score Distribution
Percent of People with Each Score
Percentile by Number Answered
Your Score History
You have not taken this quiz since the last reset